000 nam a22 a 4500
999 _c1148
_d1148
005 20170508143919.0
008 170508b2000 my ||||| |||| 00| 0 may d
040 _aAKMAL
082 _a297.36 GAR
090 _a297.36
_bGAR
245 _aGaris Panduan
_bIbadah Qurban
300 _ccm
942 _2ddc
_cBOOK